Environmental physiology of plants / (Record no. 6684)

MARC details
000 -LEADER
fixed length control field 01219cam a2200337 a 4500
001 - CONTROL NUMBER
control field 2460499
003 - CONTROL NUMBER IDENTIFIER
control field OSt
005 - DATE AND TIME OF LATEST TRANSACTION
control field 20200302125836.0
008 - FIXED-LENGTH DATA ELEMENTS--GENERAL INFORMATION
fixed length control field 920928s1987 enka b 001 0 eng d
010 ## - LIBRARY OF CONGRESS CONTROL NUMBER
LC control number 89163711
020 ## - INTERNATIONAL STANDARD BOOK NUMBER
International Standard Book Number 0122577639 :
Terms of availability £35.00
020 ## - INTERNATIONAL STANDARD BOOK NUMBER
International Standard Book Number 0122577647 (pbk.)
035 ## - SYSTEM CONTROL NUMBER
System control number (OCoLC)16468459
040 ## - CATALOGING SOURCE
Original cataloging agency Uk
Transcribing agency Uk
Modifying agency OCoLC
-- PKsL
-- CLS
-- FIL
-- DLC
042 ## - AUTHENTICATION CODE
Authentication code lccopycat
082 00 - DEWEY DECIMAL CLASSIFICATION NUMBER
Classification number 581.
Edition number 19
Item number FIT 1987
100 1# - MAIN ENTRY--PERSONAL NAME
Personal name Fitter, Alastair.
9 (RLIN) 13741
245 10 - TITLE STATEMENT
Title Environmental physiology of plants /
Statement of responsibility, etc. A.H. Fitter, R.K.M. Hay.
250 ## - EDITION STATEMENT
Edition statement 2nd ed.
260 ## - PUBLICATION, DISTRIBUTION, ETC. (IMPRINT)
Place of publication, distribution, etc. London ;
-- San Diego :
Name of publisher, distributor, etc. Academic Press,
Date of publication, distribution, etc. 1987.
300 ## - PHYSICAL DESCRIPTION
Extent xiii, 423 p. :
Other physical details ill. ;
Dimensions 24 cm.
504 ## - BIBLIOGRAPHY, ETC. NOTE
Bibliography, etc Includes bibliographical references and indexes.
650 #0 - SUBJECT ADDED ENTRY--TOPICAL TERM
Topical term or geographic name as entry element Plant ecophysiology.
9 (RLIN) 13742
650 #0 - SUBJECT ADDED ENTRY--TOPICAL TERM
Topical term or geographic name as entry element Plant ecology.
9 (RLIN) 13743
700 1# - ADDED ENTRY--PERSONAL NAME
Personal name Hay, Robert K. M.,
Dates associated with a name 1946-
9 (RLIN) 13744
856 42 - ELECTRONIC LOCATION AND ACCESS
Materials specified Publisher description
Uniform Resource Identifier http://www.loc.gov/catdir/description/els032/89163711.html
856 41 - ELECTRONIC LOCATION AND ACCESS
Materials specified Table of contents
Uniform Resource Identifier http://www.loc.gov/catdir/toc/els031/89163711.html
906 ## - LOCAL DATA ELEMENT F, LDF (RLIN)
a 7
b cbc
c copycat
d 4
e ncip
f 19
g y-gencatlg
942 ## - ADDED ENTRY ELEMENTS (KOHA)
Source of classification or shelving scheme Dewey Decimal Classification
Koha item type Open Shelf
Holdings
Withdrawn status Lost status Source of classification or shelving scheme Damaged status Not for loan Home library Current library Date acquired Source of acquisition Inventory number Total Checkouts Full call number Barcode Date last seen Price effective from Koha item type
    Dewey Decimal Classification     MUST Main Library MUST Main Library 02/03/2020 Donation 2005/23277   581. FIT 1987 2020-0607 02/03/2020 02/03/2020 Open Shelf